| 000 | 00756nam a2200217 i 4500 | ||
|---|---|---|---|
| 003 | EG-ScBUE | ||
| 005 | 20231123115326.0 | ||
| 008 | 110721s1965 su af 000 0 ara d | ||
| 040 |
_aEG-ScBUE _bara _erda _cEG-ScBUE _dEG-ScBUE |
||
| 082 | 0 | 4 |
_222 _a297.74 _bك ت ب |
| 100 | 1 |
_926392 _aكتبي، حسن محمد، _eمؤلف. |
|
| 245 | 1 | 0 |
_aسياستنا .. وأهدافنا / _cحسن محمد كتبي. |
| 264 | 1 |
_aالمدينة المنورة : _bمؤسة الأصفهاني، _c[1965?] |
|
| 300 |
_a303 صفحة ؛ _c22 سم |
||
| 336 |
_2rdacontent _aنص _btxt |
||
| 337 |
_aبدون وسيط _2rdamedia _bn |
||
| 338 |
_aمجلد _bnc _2rdacarrier |
||
| 650 | 7 |
_2BUEsh _aالإسلام _xدعوة. |
|
| 655 | _vReading book | ||
| 942 |
_2ddc _cBB |
||
| 999 |
_c15722 _d15722 |
||